LEADER 01969oam 2200469M 450 001 9910716453903321 005 20200213071031.5 035 $a(CKB)5470000002521606 035 $a(OCoLC)1065764356 035 $a(OCoLC)995470000002521606 035 $a(EXLCZ)995470000002521606 100 $a20071213d1926 ua 0 101 0 $aeng 135 $aurcn||||||||| 181 $ctxt$2rdacontent 182 $cc$2rdamedia 183 $acr$2rdacarrier 200 10$aConstruction of fleet submarines. Letter from the Secretary of the Navy transmitting certain information relative to changes in construction of certain fleet submarines. December 9, 1926. -- Read ; referred to the Committee on Naval Affairs and ordered to be printed 210 1$a[Washington, D.C.] :$c[U.S. Government Printing Office],$d1926. 215 $a1 online resource (2 pages) 225 1 $aSenate document / 69th Congress, 2nd session. Senate ;$vno. 165 225 1 $a[United States congressional serial set] ;$v[serial no. 8712] 300 $aBatch processed record: Metadata reviewed, not verified. Some fields updated by batch processes. 300 $aFDLP item number not assigned. 606 $aShipbuilding 606 $aSubmarines (Ships) 606 $aSubmarines (Ships) in art 606 $aCost 608 $aLegislative materials.$2lcgft 615 0$aShipbuilding. 615 0$aSubmarines (Ships) 615 0$aSubmarines (Ships) in art. 615 0$aCost. 712 02$aUnited States.$bDepartment of the Navy. 801 0$bWYU 801 1$bWYU 801 2$bOCLCO 801 2$bOCLCQ 906 $aBOOK 912 $a9910716453903321 996 $aConstruction of fleet submarines. Letter from the Secretary of the Navy transmitting certain information relative to changes in construction of certain fleet submarines. December 9, 1926. -- Read ; referred to the Committee on Naval Affairs and ordered to be printed$93505390 997 $aUNINA